000 00745cab a2200217 4500
001 ABS48168
008 090401t1993 xxu||||| |||| 00| 0 eng d
035 _a(Sirsi) u65313
041 _aeng
245 _aRoad test : Prospect West
260 _c1993
350 _a0
490 _aCSW - The Property Week
_v40(12) 25 March 1993, 24-26(2)
520 _aRoad Test of the Prospect West building in Croydon looking at its locations, transport, parking, exterior and interior design, space planning, building services, fire and security, catering and value for money.
650 _aINTERIOR DESIGN
650 _aROAD TEST
650 _aSPACE PLANNING
690 _aBUILDING AND CONSTRUCTION-PROJECTS
942 _n0
948 _c04/03/1997
999 _c40732
_d40732